000 00587nam a22001457a 4500
020 _a81-7224-219-0
082 _a823
_bPRE/G
100 _aPREMCHAND
245 _aGODAN
_bA NOVEL OF PEASANT INDIA
260 _aMUMBAI
_bJAICO
_c2017
300 _a339
520 _aGodan is a classic Hindi novel written by Munshi Premchand that revolves around the lives of people living in rural India. The novel, published in 1936, has been widely acclaimed for its accurate portrayal of the socio-economic conditions of rural India in the pre-independence era.
650 _aNOVEL
_zINDIA
942 _cBK
999 _c3694
_d3694